| 000 | 00957nam a22001937a 4500 | ||
|---|---|---|---|
| 005 | 20260127121236.0 | ||
| 010 | _aB-777918 20BACCHHN25 | ||
| 020 |
_a9789334226362 _c299.00 |
||
| 035 | _aB-777918 | ||
| 037 | _bउपहार | ||
| 082 | _a821 | ||
| 100 |
_aशुक्ल,रजनीकान्त _986855 |
||
| 245 |
_aनन्हे जगमग तारे / _cरजनीकान्त शुक्ल |
||
| 260 |
_aगाजियाबाद _b5 जी पब्लिकेशन्स _c2024 |
||
| 270 |
_aके.ए. 363, सेक्टर 12, प्रताप विहार _bगाजियाबाद _e210009 |
||
| 300 |
_a120पृ. _c23सेमी(सजिल्द) _bसचित्र |
||
| 942 |
_2ddc _cCH _h821 _mशुक्लर |
||
| 999 |
_c209287 _d209287 |
||